000 00818nam a2200205Ii 4500
003 JO-AjNU
008 230605s9999||||xx |||||||||||||| ||und||
040 _aJO-AjNU
_bara
_erda
_cJO-AjNU
041 _aara
050 1 4 _aDS36.8.S2512 1978
100 3 _aتاليف Sharif، M.M ؛ ترجمة وتقديم شلبي، احمد,
_eauthor
_98354
245 0 0 _aموسوعة النظم والحضارة الاسلامية: الفكر الاسلامي منابغه واثاره، الجزء الثاني
250 _aط6
264 3 1 _aالقاهرة: مكتبة النهضة المصرية، 1978
300 _aج2، 206ص
336 _atext
_btxt
_2rdacontent
337 _aunmediated
_bn
_2rdamedia
338 _avolume
_bnc
_2rdacarrier
650 4 _aالحضارة الاسلامية- الحضارة العربية
_98355
999 _aA745
_c4313
_d4313